00954nam a2200217 u 450000100100000000500170001000800410002704000250006804100390009308200130013210000590014524000340020424502360023826000300047430000270050449000410053153400430057270000430061570000370065883000410069500002554220200930023850.0110217s1969 sp r 000 0 spa d aDO-SdBNPbspacBNPHU17aspaheng2Código de idiomas MARC ann*bnn*1 aSimonde de Sismondi, Jean Charles Leonard,d1773-1842.10aPolitical economy.lEspañol10aEconomía política :barticulo "economía política" tomado de la Edinburgh encyclopedia, de Brewster 1815 /cJ. C. L. Simonde de Sismondi ; prólogo de Valentín Andrés Alvarez ; traducción de Mercedes Paredes Larrucea. aMadrid :bAlianza,c1969. a248, [13] p. ;c18 cm.1 aBiblioteca de la Ciencia Económica aTítulo original :tPolitical economy1 aAlvarez, Valentín Andrés,epról.1 aParedes Larrucea, Mercedes,etr. 0aBiblioteca de la Ciencia Económica